000 00254nam a2200109Ia 4500
008 220216s9999 xx 000 0 und d
245 0 _aComminuted natural rubber
260 _bPlanter
_c1964
300 _a507-508
650 _aNatural rubber
942 _cJS
999 _c55892
_d55892